000 00931nam a2200193Ii 4500
003 JO-AjNU
008 230605s9999||||xx |||||||||||||| ||und||
040 _aJO-AjNU
_bara
_erda
_cJO-AjNU
041 _aara
050 1 4 _aHD37 2012
100 3 _aمؤتمر منظمات متميزة في بيئة متجددة (2011 : جامعة جدارا، الأردن),
_eauthor
_951979
245 0 0 _aاستراتيجيات التميز في المنظمات في بيئة متجددة : بحوث وأوراق عمل مؤتمر منظمات متميزة في بيئة متجددة
264 3 1 _aالقاهرة: المنظمة العربية للتنمية الادارية، 2012
300 _a793ص
_bيحتوي على ببلوغرافية 793ص
336 _atext
_btxt
_2rdacontent
337 _aunmediated
_bn
_2rdamedia
338 _avolume
_bnc
_2rdacarrier
650 4 _aادارة الاعمال - التنظيم الاداري
_951980
999 _aA22998
_c26566
_d26566